Statistics for Disney Princesses

Click here to take the quiz!

General Stats

  • This quiz has been taken 807 times
  • The average score is 10 of 11

Answer Stats

HintAnswer% Correct
Glass SlipperCinderella
99%
Poisoned AppleSnow White
98%
Sleepy/SpindleAurora
96%
Carpet RideJasmine
93%
HairRapunzel
88%
Swamp frogTiana
87%
Gets down to businessMulan
85%
John SmithPocahontas
84%
ScottishMerida
81%
LegsAriel
79%
Takes Father's placeBelle
69%

Score Distribution

Percentile by Number Answered

Percent of People with Each Score

Your Score History

You have not taken this quiz